Hard U.S. States Quiz - Statistics

General Stats
  • This quiz has been taken 121 times
  • The average score is 9 of 16
Answer Stats
Hint Answer Hint Answers Hint Answers % Correct
A Alaska L Louisiana N North Dakota
97%
A Alabama K Kentucky N North Carolina
94%
A Arizona M Maine O Ohio
80%
A Arkansas M Maryland O Oklahoma
75%
C California M Massachusetts O Oregon
73%
C Colorado M Michigan P Pennsylvania
63%
H Hawaii N Nebraska T Texas
62%
G Georgia M Montana T Tennessee
61%
D Delaware M Mississippi S South Carolina
58%
F Florida M Missouri S South Dakota
58%
C Connecticut M Minnesota R Rhode Island
55%
I Idaho N Nevada U Utah
54%
I Iowa N Mexico W Washington
30%
I Indiana N Jersey V Virginia
29%
I Illinois N Hampshire V Vermont
28%
K Kansas N York W West Virginia
28%
No matching quizzes found
Score Distribution
Percent of People with Each Score
Percentile by Number Answered
Your Score History
You have not taken this quiz